Marshall Plan days
Saved in:
| Main Author: | |
|---|---|
| Format: | Book |
| Language: | English |
| Published: |
Boston :
Allen and Unwin,
1987
|
| Subjects: | |
| Tags: |
Add Tag
No Tags, Be the first to tag this record!
|
MARC
| LEADER | 00000cam a2200000 i 4500 | ||
|---|---|---|---|
| 001 | 1/88708 | ||
| 008 | 970507s1987 eng d | ||
| 020 | |a 0-04-332142-9 | ||
| 035 | |l 10007019 | ||
| 040 | |a GR-MY-UA |b gre |e aacr | ||
| 041 | 0 | |a eng | |
| 082 | 0 | |a 338.9173 | |
| 100 | 1 | |a Kindleberger, Charles Poor |d 1910- | |
| 245 | 1 | 0 | |a Marshall Plan days / |c Charles P. Kindleberger |
| 260 | |a Boston : |b Allen and Unwin, |c 1987 | ||
| 300 | |a x, 273 p., [1] leaf of plates; |c 23 cm | ||
| 504 | |a Includes bibliographical references and index | ||
| 650 | 0 | 0 | |a Economic assistance, American |z Europe |x History. |
| 651 | 0 | |a Europe |x Economic conditions |y 1945- | |
| 852 | |a INST |b LESVOS |e 19970507 |h 338.9173 KIN |p 005100011373 |q 005100011373 |t BK |y 0 | ||
| 909 | |a Λ |b 010653 | ||